Scientific techniques in criminal investigation/ (Record no. 203631)

MARC details
000 -LEADER
fixed length control field 00654nam a22002177a 4500
005 - DATE AND TIME OF LATEST TRANSACTION
control field 20240619121247.0
010 ## - LCCN (DPL NO)
LC control number ENG-140639
020 ## - INTERNATIONAL STANDARD BOOK NUMBER
Terms of availability 750.00
International Standard Book Number 9789350356456
035 ## - SYSTEM CONTROL NUMBER
System control number EN-12411
037 ## - SOURCE OF ACQUISITION
Source of stock number/acquisition DBAD
082 ## - DEWEY DECIMAL CLASSIFICATION NUMBER
Classification number 364.12
100 ## - MAIN ENTRY--PERSONAL NAME
Personal name Bridges , B.C
245 ## - TITLE STATEMENT
Title Scientific techniques in criminal investigation/
Statement of responsibility, etc B.C Bridges, August Vollmer [and] M. Monir
250 ## - EDITION STATEMENT
Edition statement 3rd edition
260 ## - PUBLICATION, DISTRIBUTION, ETC. (IMPRINT)
Place of publication, distribution, etc Haryana
Name of publisher, distributor, etc Universal Law Publishing
Date of publication, distribution, etc 2016
270 ## - ADDRESS
City Gurgaon
Postal code 122002
300 ## - PHYSICAL DESCRIPTION
Extent xxiii; 470p. :
Dimensions 24cm(Hb)
700 ## - ADDED ENTRY--PERSONAL NAME
Personal name Vollmer, August
9 (RLIN) 67584
700 ## - ADDED ENTRY--PERSONAL NAME
Personal name Monir , M
9 (RLIN) 67585
942 ## - ADDED ENTRY ELEMENTS (KOHA)
Source of classification or shelving scheme Dewey Decimal Classification
Item type English Books
Classification part 364.12
Call number suffix BRI
Holdings
Withdrawn status Lost status Not for loan Collection code Home library Current library Date acquired Source of acquisition Cost, normal purchase price Full call number Barcode Copy number Cost, replacement price Koha item type
      Non-fiction Central Library Central Library 19/06/2024 DBAD 750.00 364.12 BRI EN-124171 1 750.00 English Books

© Delhi Public Library
Hit Counter
free hit counter